| 000 | 00582nam a2200157 i 4500 | ||
|---|---|---|---|
| 001 | 184569 | ||
| 003 | ES-MaACL | ||
| 005 | 20230906222228.0 | ||
| 008 | 151022s1967 sp |||| | spa d | ||
| 245 | 0 | 0 |
_aColección diplomática de la abadía de Santa María de Benevivere (Palencia) _b: 1020-1561 / _cpor Luis Fernández. |
| 260 |
_aMadrid : _bs.n., _c1967 ( _fEscuela Gráfica Salesiana) |
||
| 300 |
_a84 p. ; _c24 cm. |
||
| 610 | 2 | 4 |
_aAbadía de Santa María de Benevivere- _vHistoria- _vFuentes. _9157984 |
| 700 | 0 |
_aFernández Martín, Luis. _949898 |
|
| 852 |
_aES-MaACL _jL-3313 |
||
| 999 |
_c184569 _d184569 |
||